header

Inspiration & interpretation : (Record no. 95922)

MARC details
000 -LEADER
fixed length control field 01800nam a2200397 i 4500
001 - CONTROL NUMBER
control field ebr10841987
003 - CONTROL NUMBER IDENTIFIER
control field CaPaEBR
006 - FIXED-LENGTH DATA ELEMENTS--ADDITIONAL MATERIAL CHARACTERISTICS--GENERAL INFORMATION
fixed length control field m o d
007 - PHYSICAL DESCRIPTION FIXED FIELD--GENERAL INFORMATION
fixed length control field cr cn|||||||||
008 - FIXED-LENGTH DATA ELEMENTS--GENERAL INFORMATION
fixed length control field 140315t20102010dcua ob 001 0 eng d
020 ## - INTERNATIONAL STANDARD BOOK NUMBER
Cancelled/invalid ISBN 9780813217468
International Standard Book Number 9780813218083 (e-book)
040 ## - CATALOGING SOURCE
Original cataloging agency CaPaEBR
Language of cataloging eng
Description conventions rda
-- pn
Transcribing agency CaPaEBR
035 ## - SYSTEM CONTROL NUMBER
System control number (OCoLC)876045029
050 14 - LIBRARY OF CONGRESS CALL NUMBER
Classification number BS480
Item number .F32 2010eb
082 04 - DEWEY DECIMAL CLASSIFICATION NUMBER
Classification number 220.6088/282
Edition number 23
100 1# - MAIN ENTRY--PERSONAL NAME
Personal name Farkasfalvy, Denis M.,
Dates associated with a name 1936-
245 10 - TITLE STATEMENT
Title Inspiration & interpretation :
Remainder of title a theological introduction to Sacred Scripture /
Statement of responsibility, etc Denis Farkasfalvy.
264 #1 - PRODUCTION, PUBLICATION, DISTRIBUTION, MANUFACTURE, AND COPYRIGHT NOTICE
Place of production, publication, distribution, manufacture Washington, District of Columbia :
Name of producer, publisher, distributor, manufacturer Catholic University of America Press,
Date of production, publication, distribution, manufacture, or copyright notice 2010.
Date of production, publication, distribution, manufacture, or copyright notice �2010
300 ## - PHYSICAL DESCRIPTION
Extent 1 online resource (264 pages) :
Other physical details illustrations
336 ## - CONTENT TYPE
Content type term text
Source rdacontent
337 ## - MEDIA TYPE
Media type term computer
Source rdamedia
338 ## - CARRIER TYPE
Carrier type term online resource
Source rdacarrier
504 ## - BIBLIOGRAPHY, ETC. NOTE
Bibliography, etc Includes bibliographical references and index.
588 ## - SOURCE OF DESCRIPTION NOTE
Source of description note Description based on print version record.
590 ## - LOCAL NOTE (RLIN)
Local note Electronic reproduction. Palo Alto, Calif. : ebrary, 2014. Available via World Wide Web. Access may be limited to ebrary affiliated libraries.
610 20 - SUBJECT ADDED ENTRY--CORPORATE NAME
Corporate name or jurisdiction name as entry element Catholic Church
General subdivision Doctrines.
630 00 - SUBJECT ADDED ENTRY--UNIFORM TITLE
Uniform title Bible
General subdivision Inspiration.
Uniform title Bible
General subdivision Hermeneutics.
Uniform title Bible
General subdivision Inspiration
-- History of doctrines.
655 #0 - INDEX TERM--GENRE/FORM
Genre/form data or focus term Electronic books.
776 08 - ADDITIONAL PHYSICAL FORM ENTRY
Display text Print version:
Main entry heading Farkasfalvy, Denis M., 1936-
Title Inspiration & interpretation : a theological introduction to Sacred Scripture.
Place, publisher, and date of publication Washington, District of Columbia : Catholic University of America Press, c2010
Physical description 251 pages
International Standard Book Number 9780813217468
Record control number 2010007520
797 2# - LOCAL ADDED ENTRY--CORPORATE NAME (RLIN)
Corporate name or jurisdiction name as entry element ebrary.
856 40 - ELECTRONIC LOCATION AND ACCESS
Uniform Resource Identifier <a href="http://site.ebrary.com/lib/rucke/Doc?id=10841987">http://site.ebrary.com/lib/rucke/Doc?id=10841987</a>
Public note An electronic book accessible through the World Wide Web; click to view

No items available.

© 2026 Rongo University
Contact us: librarian | system librarian | Rongo university